[Event "HUN-chT2 Erkel 1819"]
[Site "Hungary"]
[Date "2019.04.28"]
[Round "9.5"]
[White "Slezak, Robert"]
[Black "Lako, Laszlo"]
[Result "1/2-1/2"]
[WhiteElo "2027"]
[BlackElo "2076"]
[PlyCount "26"]
[EventDate "2018.10.28"]
[EventType "team-tourn"]
[EventRounds "9"]
[EventCountry "HUN"]
[SourceTitle "EXT 2021"]
[Source "ChessBase"]
[SourceDate "2020.10.23"]
[SourceVersion "1"]
[SourceVersionDate "2020.10.23"]
[SourceQuality "1"]
[WhiteTeam "Vac"]
[BlackTeam "Varosgazda Akademia"]
[WhiteTeamCountry "HUN"]
[BlackTeamCountry "HUN"]

1. e4 c6 2. d4 d5 3. exd5 cxd5 4. Bd3 Nc6 5. c3 Qc7 6. Ne2 Bg4 7. f3 Bd7 8. Bf4 e5 9. dxe5 Nxe5 10. Bxe5 Qxe5 11. 0-0 Bc5+ 12. Kh1 Ne7 13. Nd2 0-0 1/2-1/2

[Event "HUN-chT2 Erkel 1718"]
[Site "Hungary"]
[Date "2018.03.04"]
[Round "9.5"]
[White "Lako, Laszlo"]
[Black "Fordan, Tibor"]
[Result "1/2-1/2"]
[WhiteElo "2068"]
[BlackElo "2169"]
[PlyCount "25"]
[EventDate "2017.09.24"]
[EventType "team-tourn"]
[EventRounds "11"]
[EventCountry "HUN"]
[SourceTitle "EXT 2021"]
[Source "ChessBase"]
[SourceDate "2020.10.23"]
[SourceVersion "1"]
[SourceVersionDate "2020.10.23"]
[SourceQuality "1"]
[WhiteTeam "Budapest MAFC"]
[BlackTeam "Budapest EAC"]
[WhiteTeamCountry "HUN"]
[BlackTeamCountry "HUN"]

1. d4 d5 2. Nf3 e6 3. c4 c5 4. cxd5 exd5 5. g3 Nf6 6. Bg2 Nc6 7. 0-0 Be7 8. Nc3 0-0 9. dxc5 Bxc5 10. Na4 Be7 11. Be3 Re8 12. Rc1 Bg4 13. Re1 1/2-1/2

[Event "HUN-chT2 Erkel 1617"]
[Site "Hungary"]
[Date "2017.02.26"]
[Round "9.4"]
[White "Bakos, Levente"]
[Black "Lako, Laszlo"]
[Result "1-0"]
[WhiteElo "2128"]
[BlackElo "2077"]
[PlyCount "57"]
[EventDate "2016.09.25"]
[EventType "team-tourn"]
[EventRounds "11"]
[EventCountry "HUN"]
[SourceTitle "EXT 2021"]
[Source "ChessBase"]
[SourceDate "2020.10.23"]
[SourceVersion "1"]
[SourceVersionDate "2020.10.23"]
[SourceQuality "1"]
[WhiteTeam "Andornaktalya"]
[BlackTeam "Budapest MAFC"]
[WhiteTeamCountry "HUN"]
[BlackTeamCountry "HUN"]

1. Nf3 g6 2. c4 Bg7 3. Nc3 c5 4. d4 cxd4 5. Nxd4 Nf6 6. g3 0-0 7. Bg2 Nc6 8. 0-0 Nxd4 9. Qxd4 d6 10. a4 Qa5 11. Bd2 Qh5 12. h4 h6 13. Nd5 Nxd5 14. Qxd5 Qxd5 15. Bxd5 Bxb2 16. Rab1 Bg7 17. Be3 Rb8 18. c5 Bh3 19. Rfd1 dxc5 20. Bxc5 Bf6 21. Bxa7 Rbc8 22. Bxb7 Rc2 23. a5 Rxe2 24. a6 Ra2 25. Be3 Bc8 26. Rbc1 Bg4 27. Rd2 Rxd2 28. Bxd2 Bd4 29. Be3 1-0

[Event "HUN-chT2 Erkel 1516"]
[Site "Hungary"]
[Date "2015.11.08"]
[Round "4.4"]
[White "Lako, Laszlo"]
[Black "Bokros, Istvan"]
[Result "1-0"]
[WhiteElo "2069"]
[BlackElo "2109"]
[PlyCount "65"]
[EventDate "2015.09.13"]
[EventType "team-tourn"]
[EventRounds "11"]
[EventCountry "HUN"]
[SourceTitle "CBM 170 Extra"]
[Source "ChessBase"]
[SourceDate "2016.02.25"]
[SourceVersion "1"]
[SourceVersionDate "2016.02.25"]
[SourceQuality "1"]
[WhiteTeam "MAFC"]
[BlackTeam "Pestszentlorinc"]
[WhiteTeamCountry "HUN"]
[BlackTeamCountry "HUN"]

1. d4 e6 2. c4 c5 3. d5 exd5 4. cxd5 Ne7 5. Nc3 d6 6. e4 Ng6 7. Bd3 Be7 8. Nge2 0-0 9. Ng3 Re8 10. 0-0 Bf6 11. Kh1 a6 12. a4 b6 13. Nh5 Bxc3 14. bxc3 Qh4 15. Ng3 Ne5 16. Be2 Ng4 17. Bxg4 Bxg4 18. f3 Bc8 19. Rb1 b5 20. axb5 axb5 21. Rxb5 Nd7 22. Re1 Ba6 23. Ra5 Ne5 24. Qa4 Nd3 25. Rxa6 Rab8 26. Rf1 g6 27. Ra7 Rf8 28. Be3 Rb2 29. Ra8 Nf4 30. Rxf8+ Kxf8 31. Rg1 Nd3 32. Qd7 Qf6 33. Bh6+ 1-0

[Event "HUN-chT2 Erkel 1516"]
[Site "Hungary"]
[Date "2015.10.18"]
[Round "3.3"]
[White "Paal, Andras"]
[Black "Lako, Laszlo"]
[Result "1/2-1/2"]
[WhiteElo "2005"]
[BlackElo "2069"]
[PlyCount "38"]
[EventDate "2015.09.13"]
[EventType "team-tourn"]
[EventRounds "11"]
[EventCountry "HUN"]
[SourceTitle "CBM 170 Extra"]
[Source "ChessBase"]
[SourceDate "2016.02.25"]
[SourceVersion "1"]
[SourceVersionDate "2016.02.25"]
[SourceQuality "1"]
[WhiteTeam "Andornaktalya"]
[BlackTeam "MAFC"]
[WhiteTeamCountry "HUN"]
[BlackTeamCountry "HUN"]

1. Nc3 d5 2. e4 c6 3. Nf3 Bg4 4. h3 Bh5 5. exd5 cxd5 6. d4 Nc6 7. Be2 e6 8. Bf4 Bxf3 9. Bxf3 Qb6 10. Ne2 Qxb2 11. 0-0 0-0-0 12. Qd3 Qa3 13. c3 Bd6 14. Rfb1 Bxf4 15. Qb5 Rd7 16. Nxf4 Qxc3 17. Bg4 Qc4 18. Qxc4 dxc4 19. d5 Nd8 1/2-1/2

[Event "HUN-chT2 Breyer 1415"]
[Site "Hungary"]
[Date "2015.01.25"]
[Round "7.3"]
[White "Peczeli, Zoltan"]
[Black "Lako, Laszlo"]
[Result "1/2-1/2"]
[WhiteElo "2041"]
[BlackElo "2106"]
[PlyCount "63"]
[EventDate "2014.09.07"]
[EventType "team-tourn"]
[EventRounds "11"]
[EventCountry "HUN"]
[SourceTitle "EXT 2016"]
[Source "ChessBase"]
[SourceDate "2015.10.08"]
[SourceVersion "1"]
[SourceVersionDate "2015.10.08"]
[SourceQuality "1"]
[WhiteTeam "Zsambek"]
[BlackTeam "MAFC"]
[WhiteTeamCountry "HUN"]
[BlackTeamCountry "HUN"]

1. Nf3 g6 2. c4 c5 3. d4 Bg7 4. e4 cxd4 5. Nxd4 Nc6 6. Be3 Nf6 7. Nc3 Ng4 8. Qxg4 Nxd4 9. Qd1 Ne6 10. Be2 Qa5 11. Qd2 0-0 12. 0-0 Bxc3 13. bxc3 Nc5 14. Qd4 Ne6 15. Qd2 d6 16. f4 f6 17. Rab1 Qc7 18. f5 Ng7 19. fxg6 hxg6 20. Rf3 Be6 21. Rg3 Kf7 22. Bd4 Rh8 23. Rf1 Bxc4 24. Qg5 Bxe2 25. Qxg6+ Ke6 26. Qxg7 Bxf1 27. Qg4+ Kf7 28. Qg6+ Ke6 29. Qf5+ Kf7 30. Qg6+ Ke6 31. Qg4+ Kf7 32. Qg6+ 1/2-1/2

[Event "HUN-chT2 Breyer 1415"]
[Site "Hungary"]
[Date "2014.10.12"]
[Round "?"]
[White "Csuta, Akos Koppany"]
[Black "Lako, Laszlo"]
[Result "1/2-1/2"]
[WhiteElo "2042"]
[BlackElo "2106"]
[PlyCount "56"]
[EventDate "2014.09.07"]
[EventType "team-tourn"]
[EventRounds "11"]
[EventCountry "HUN"]
[SourceTitle "EXT 2016"]
[Source "ChessBase"]
[SourceDate "2015.10.08"]
[SourceVersion "1"]
[SourceVersionDate "2015.10.08"]
[SourceQuality "1"]
[WhiteTeam "Gyor UDSE"]
[BlackTeam "MAFC"]
[WhiteTeamCountry "HUN"]
[BlackTeamCountry "HUN"]

1. e4 c6 2. d4 d5 3. exd5 cxd5 4. Nc3 Nc6 5. Bf4 a6 6. Nf3 Bg4 7. Be2 e6 8. Ne5 Bxe2 9. Nxe2 Nf6 10. Nc1 Qb6 11. Nxc6 Qxb2 12. Nb3 Qc3+ 13. Bd2 Qxc6 14. Na5 Qc7 15. 0-0 Ne4 16. Re1 Bd6 17. g3 Rc8 18. c4 Nxd2 19. Qxd2 dxc4 20. Rac1 b5 21. d5 e5 22. a4 0-0 23. axb5 axb5 24. Nc6 Rfe8 25. Qb2 Qb6 26. Rxc4 Bc5 27. Rc2 e4 28. Qc3 Bd6 1/2-1/2

[Event "HUN-chT2 Erkel 1314"]
[Site "Hungary"]
[Date "2014.04.13"]
[Round "10.6"]
[White "Nagy, Ervin"]
[Black "Lako, Laszlo"]
[Result "1/2-1/2"]
[WhiteElo "2282"]
[BlackElo "2011"]
[PlyCount "29"]
[EventDate "2013.09.08"]
[EventType "team-tourn"]
[EventRounds "11"]
[EventCountry "HUN"]
[SourceTitle "EXT 2016"]
[Source "ChessBase"]
[SourceDate "2015.10.08"]
[SourceVersion "1"]
[SourceVersionDate "2015.10.08"]
[SourceQuality "1"]
[WhiteTeam "Budapest Honved"]
[BlackTeam "Budapest MAFC"]
[WhiteTeamCountry "HUN"]
[BlackTeamCountry "HUN"]

1. e4 c6 2. Nf3 d5 3. exd5 cxd5 4. d4 Nf6 5. Be2 Nc6 6. 0-0 Bg4 7. Nbd2 e6 8. Re1 Be7 9. Nf1 0-0 10. c3 Bxf3 11. Bxf3 b5 12. a4 b4 13. c4 Rc8 14. c5 Ne4 15. Ng3 1/2-1/2

[Event "HUN-chT2 Erkel 1213"]
[Site "Hungary"]
[Date "2013.04.07"]
[Round "10.4"]
[White "Szekeres, Tibor"]
[Black "Lako, Laszlo"]
[Result "1/2-1/2"]
[WhiteElo "2137"]
[BlackElo "2101"]
[PlyCount "28"]
[EventDate "2012.09.16"]
[EventType "team-tourn"]
[EventRounds "11"]
[EventCountry "HUN"]
[SourceTitle "EXT 2014"]
[Source "ChessBase"]
[SourceDate "2013.11.20"]
[SourceVersion "1"]
[SourceVersionDate "2013.11.20"]
[SourceQuality "1"]
[WhiteTeam "Pestszentlorinc"]
[BlackTeam "Barcza"]
[WhiteTeamCountry "HUN"]
[BlackTeamCountry "HUN"]

1. c4 c5 2. Nc3 g6 3. g3 Bg7 4. Bg2 Nc6 5. Nf3 d6 6. 0-0 e5 7. Rb1 Nge7 8. a3 a5 9. d3 0-0 10. Bd2 h6 11. Ne1 Rb8 12. e3 Be6 13. Qc1 Kh7 14. Nd5 b5 1/2-1/2

[Event "HUN-chT2 Erkel 1112"]
[Site "Hungary"]
[Date "2012.04.22"]
[Round "9.3"]
[White "Lako, Laszlo"]
[Black "Rozgonyi, Aron"]
[Result "1/2-1/2"]
[WhiteElo "2105"]
[BlackElo "2163"]
[PlyCount "27"]
[EventDate "2011.09.25"]
[EventType "team-tourn"]
[EventRounds "11"]
[EventCountry "HUN"]
[SourceTitle "EXT 2013"]
[Source "ChessBase"]
[SourceDate "2012.11.22"]
[SourceVersion "1"]
[SourceVersionDate "2012.11.22"]
[SourceQuality "1"]
[WhiteTeam "MAFC"]
[BlackTeam "Dunaharaszti"]
[WhiteTeamCountry "HUN"]
[BlackTeamCountry "HUN"]

1. d4 d5 2. Nf3 Nf6 3. c4 c6 4. cxd5 cxd5 5. Nc3 e6 6. Bf4 Bd6 7. Bxd6 Qxd6 8. Ne5 0-0 9. e3 a6 10. Bd3 b5 11. Rc1 Bb7 12. 0-0 Nbd7 13. f4 Rac8 14. a3 1/2-1/2

[Event "HUN-chT2 Erkel 1112"]
[Site "Hungary"]
[Date "2011.10.30"]
[Round "2.3"]
[White "Lako, Laszlo"]
[Black "Muhari, Istvan"]
[Result "1/2-1/2"]
[WhiteElo "2105"]
[BlackElo "2247"]
[PlyCount "26"]
[EventDate "2011.09.25"]
[EventType "team-tourn"]
[EventRounds "11"]
[EventCountry "HUN"]
[SourceTitle "EXT 2013"]
[Source "ChessBase"]
[SourceDate "2012.11.22"]
[SourceVersion "1"]
[SourceVersionDate "2012.11.22"]
[SourceQuality "1"]
[WhiteTeam "MAFC"]
[BlackTeam "Ujszasz"]
[WhiteTeamCountry "HUN"]
[BlackTeamCountry "HUN"]

1. d4 d5 2. c4 e6 3. Nc3 Nf6 4. Bg5 Be7 5. cxd5 exd5 6. Qc2 0-0 7. e3 h6 8. Bh4 b6 9. Nf3 Bb7 10. Be2 Nbd7 11. 0-0 Ne4 12. Bxe7 Qxe7 13. Rfd1 Ndf6 1/2-1/2

[Event "HUN-chT2 Breyer 1011"]
[Site "Hungary"]
[Date "2010.11.21"]
[Round "6.4"]
[White "Lako, Laszlo"]
[Black "Csoli, Odon"]
[Result "1/2-1/2"]
[WhiteElo "2096"]
[BlackElo "2158"]
[PlyCount "61"]
[EventDate "2010.09.12"]
[EventType "team-tourn"]
[EventRounds "11"]
[EventCountry "HUN"]
[SourceTitle "EXT 2012"]
[Source "ChessBase"]
[SourceDate "2011.11.24"]
[SourceVersion "1"]
[SourceVersionDate "2011.11.24"]
[SourceQuality "1"]
[WhiteTeam "MAFC"]
[BlackTeam "Szazhalombatta"]
[WhiteTeamCountry "HUN"]
[BlackTeamCountry "HUN"]

1. d4 d5 2. Nf3 Nf6 3. c4 c6 4. cxd5 cxd5 5. Nc3 Nc6 6. Bf4 e6 7. e3 Bd6 8. Bg3 a6 9. Rc1 Bxg3 10. hxg3 Bd7 11. Bd3 Qb6 12. Qe2 Rc8 13. 0-0 Qb4 14. a3 Qd6 15. Rfd1 Ne7 16. Ne5 Ng6 17. f4 Bc6 18. Qf3 0-0 19. g4 Nd7 20. Nxg6 fxg6 21. Qh3 Rf7 22. Rf1 Nf8 23. g5 Rfc7 24. Qf3 Qd7 25. g4 Qe7 26. Qh3 Bb5 27. Bxb5 axb5 28. Qf3 b4 29. axb4 Qxb4 30. f5 Qe7 31. Qf4 1/2-1/2

[Event "HUN-chT2 Breyer 1011"]
[Site "Hungary"]
[Date "2010.11.07"]
[Round "5.5"]
[White "Lako, Laszlo"]
[Black "Kovacs, Geza"]
[Result "1/2-1/2"]
[WhiteElo "2096"]
[BlackElo "2082"]
[PlyCount "48"]
[EventDate "2010.09.12"]
[EventType "team-tourn"]
[EventRounds "11"]
[EventCountry "HUN"]
[SourceTitle "EXT 2012"]
[Source "ChessBase"]
[SourceDate "2011.11.24"]
[SourceVersion "1"]
[SourceVersionDate "2011.11.24"]
[SourceQuality "1"]
[WhiteTeam "MAFC"]
[BlackTeam "Turul"]
[WhiteTeamCountry "HUN"]
[BlackTeamCountry "HUN"]

1. d4 Nf6 2. c4 e6 3. Nf3 b6 4. g3 Bb7 5. Bg2 Be7 6. Nc3 d5 7. Ne5 0-0 8. 0-0 Nbd7 9. Qa4 Nxe5 10. dxe5 Ne8 11. cxd5 exd5 12. Nxd5 Bxd5 13. Rd1 c6 14. e4 Nc7 15. exd5 cxd5 16. Qc6 Bc5 17. h4 h6 18. Bxd5 Nxd5 19. Qxd5 Qe7 20. Re1 Rad8 21. Qb3 Ra8 22. Qd5 Rad8 23. Qb3 Ra8 24. Qd5 Rad8 1/2-1/2

[Event "HUN-chT2 Breyer 0910"]
[Site "Hungary"]
[Date "2009.12.20"]
[Round "4"]
[White "Lako, Laszlo"]
[Black "Legman, Miklos"]
[Result "1/2-1/2"]
[WhiteElo "2169"]
[BlackElo "2025"]
[PlyCount "70"]
[EventDate "2009.11.08"]
[EventType "team-tourn"]
[EventRounds "11"]
[EventCountry "HUN"]
[SourceTitle "EXT 2011"]
[Source "ChessBase"]
[SourceDate "2010.11.26"]
[SourceVersion "1"]
[SourceVersionDate "2010.11.26"]
[SourceQuality "1"]
[WhiteTeam "MAFC"]
[BlackTeam "Turul"]
[WhiteTeamCountry "HUN"]
[BlackTeamCountry "HUN"]

1. d4 f5 2. Nf3 d5 3. g3 Nf6 4. Bg2 e6 5. 0-0 g6 6. b3 c6 7. c4 Bd6 8. Ba3 Bxa3 9. Nxa3 0-0 10. b4 a5 11. b5 cxb5 12. cxb5 Bd7 13. Ne5 Be8 14. Qb3 Nbd7 15. Nd3 Qb6 16. e3 Bf7 17. Rfc1 Rfc8 18. Rc2 Rxc2 19. Qxc2 Qd6 20. Qb2 Rc8 21. Rc1 Rxc1+ 22. Qxc1 b6 23. f3 Kg7 24. Qc3 Ne8 25. Nb1 Nc7 26. a4 g5 27. Bf1 Bg6 28. f4 g4 29. Kf2 Ne8 30. Ke1 Nef6 31. Qc6 Ne4 32. Nc3 Ndf6 33. Nxe4 Nxe4 34. Qxd6 Nxd6 35. Ne5 Be8 1/2-1/2

[Event "HUN-chT2 Erkel 0809"]
[Site "Hungary"]
[Date "2008.11.02"]
[Round "2.2"]
[White "Lako, Laszlo"]
[Black "Sinka, Istvan"]
[Result "1/2-1/2"]
[WhiteElo "2169"]
[BlackElo "2305"]
[PlyCount "46"]
[EventDate "2008.10.26"]
[EventType "team-tourn"]
[EventRounds "11"]
[EventCountry "HUN"]
[SourceTitle "EXT 2010"]
[Source "ChessBase"]
[SourceDate "2010.11.25"]
[SourceVersion "1"]
[SourceVersionDate "2010.11.25"]
[SourceQuality "1"]
[WhiteTeam "MAFC"]
[BlackTeam "Jaszbereny"]
[WhiteTeamCountry "HUN"]
[BlackTeamCountry "HUN"]

1. d4 d5 2. Nf3 Nf6 3. c4 c6 4. cxd5 cxd5 5. Nc3 a6 6. Bf4 Nc6 7. Rc1 Bf5 8. e3 e6 9. Be2 Bd6 10. Bxd6 Qxd6 11. 0-0 0-0 12. Na4 Ne4 13. Nc5 Nxc5 14. Rxc5 Rfc8 15. Qb3 b5 16. Rfc1 Ne7 17. Rxc8+ Rxc8 18. Rxc8+ Nxc8 19. Qc3 Nb6 20. Qc5 Qb8 21. b3 f6 22. Kf1 Kf7 23. Ne1 e5 1/2-1/2

[Event "AUT-chT2M 0708"]
[Site "Austria"]
[Date "2008.03.02"]
[Round "9.6"]
[White "Lako, Laszlo"]
[Black "Radnetter, Georg"]
[Result "1/2-1/2"]
[WhiteElo "2178"]
[BlackElo "2106"]
[PlyCount "46"]
[EventDate "2007.10.13"]
[EventType "team"]
[EventRounds "11"]
[EventCountry "AUT"]
[SourceTitle "EXT 2009"]
[Source "ChessBase"]
[SourceDate "2008.11.26"]
[SourceVersion "1"]
[SourceVersionDate "2008.11.26"]
[SourceQuality "1"]
[WhiteTeam "Maria Saal"]
[BlackTeam "Fuerstenfeld"]
[WhiteTeamCountry "AUT"]
[BlackTeamCountry "AUT"]

1. d4 Nf6 2. c4 e6 3. Nf3 Bb4+ 4. Bd2 c5 5. Bxb4 cxb4 6. g3 0-0 7. Bg2 d6 8. 0-0 Nc6 9. a3 a5 10. Qb3 Bd7 11. axb4 Nxb4 12. Nc3 Qc7 13. Nd2 Rfc8 14. Na2 Nxa2 15. Rxa2 Bc6 16. Rfa1 Bxg2 17. Kxg2 b6 18. Qb5 Rab8 19. b4 axb4 20. Qxb4 b5 21. cxb5 Nd5 22. Qa5 Nc3 23. Qxc7 Rxc7 1/2-1/2

[Event "AUT-chT2M 0708"]
[Site "Austria"]
[Date "2008.01.26"]
[Round "6.5"]
[White "Lako, Laszlo"]
[Black "Hoelzl, Franz"]
[Result "0-1"]
[WhiteElo "2178"]
[BlackElo "2374"]
[PlyCount "82"]
[EventDate "2007.10.13"]
[EventType "team"]
[EventRounds "11"]
[EventCountry "AUT"]
[SourceTitle "EXT 2009"]
[Source "ChessBase"]
[SourceDate "2008.11.26"]
[SourceVersion "1"]
[SourceVersionDate "2008.11.26"]
[SourceQuality "1"]
[WhiteTeam "Maria Saal"]
[BlackTeam "St Veit/Glan"]
[WhiteTeamCountry "AUT"]
[BlackTeamCountry "AUT"]

1. d4 Nf6 2. c4 e6 3. Nf3 d5 4. cxd5 exd5 5. Nc3 c6 6. Bg5 h6 7. Bh4 Bf5 8. e3 Qb6 9. Qb3 Nbd7 10. Nd2 Qxb3 11. Nxb3 a5 12. Be2 a4 13. Nd2 a3 14. b3 Bb4 15. Rc1 0-0 16. 0-0 Rfe8 17. Rfd1 Rac8 18. h3 g5 19. Bg3 Kg7 20. Nf1 Bg6 21. f3 Nh5 22. Be1 f5 23. Bd3 f4 24. Bxg6 Kxg6 25. g4 fxg3 26. Rd3 Bd6 27. Kg2 Nf4+ 28. exf4 gxf4 29. Bd2 Kf5 30. Re1 Nf8 31. h4 h5 32. Ne2 Ng6 33. Nexg3+ fxg3 34. Nxg3+ Bxg3 35. Kxg3 Rxe1 36. Bxe1 Nf4 37. Rd2 Rg8+ 38. Kh2 Re8 39. Bg3 Re3 40. Bxf4 Kxf4 41. Kg2 Rxf3 0-1